Oxley v Hiscock (Record no. 117443)
[ view plain ]
| 000 -LEADER | |
|---|---|
| fixed length control field | 02266cam a2200337 4500 |
| 001 - CONTROL NUMBER | |
| control field | ABS67871 |
| 008 - FIXED-LENGTH DATA ELEMENTS--GENERAL INFORMATION | |
| fixed length control field | 040602n2004 000 0 eng u |
| 035 ## - SYSTEM CONTROL NUMBER | |
| System control number | (Sirsi) u126373 |
| 245 ## - TITLE STATEMENT | |
| Title | Oxley v Hiscock |
| 260 ## - PUBLICATION, DISTRIBUTION, ETC. | |
| Date of publication, distribution, etc. | 2004 |
| 490 ## - SERIES STATEMENT | |
| Series statement | Weekly Law Reports |
| Volume/sequential designation | [2004] 3 WLR 715-752(39) |
| 520 ## - SUMMARY, ETC. | |
| Summary, etc. | [2004] EWCA Civ 546, 6 May 2004. Unmarried couple, appellant (H) and respondent (O), purchased a house in the sole name of H with the assistance of funds raised by H which was sold subsequent to the couple parting. O sought a declaration that the proceeds of the sale were held by H on trust for them both in equal shares, which the judge concurred with. On appeal, H contended that the judge should have applied the presumption that the property had been held on resulting trust for the persons who provided the purchase money in the proportions that they provided and no discussions at the time of purchase as to intended shares could displace it. "Held": appeal allowed. If there had been express discussions at the time of purchase sufficient to establish common intention that both parties would share beneficial interest, the court would be entitled to answer the question of the intended extent of the beneficial interest by inference from the parties subsequent conduct. H's far greater direct contribution to the purchase price had not be given sufficient weight by the judge. Found that H should have 60% and O 40% of the proceeds of the sale.View judgement at www.bailii.org. |
| 590 ## - LOCAL NOTE (RLIN) | |
| Local note | ABS |
| 590 ## - LOCAL NOTE (RLIN) | |
| Local note | ABS |
| 590 ## - LOCAL NOTE (RLIN) | |
| Local note | ABS |
| 650 ## - SUBJECT ADDED ENTRY--TOPICAL TERM | |
| Topical term or geographic name entry element | OXLEY V HISCOCK |
| 650 ## - SUBJECT ADDED ENTRY--TOPICAL TERM | |
| Topical term or geographic name entry element | RIGHT TO BUY |
| 650 ## - SUBJECT ADDED ENTRY--TOPICAL TERM | |
| Topical term or geographic name entry element | STOKES V ANDERSON |
| 650 ## - SUBJECT ADDED ENTRY--TOPICAL TERM | |
| Topical term or geographic name entry element | BENEFICIAL INTEREST |
| 650 ## - SUBJECT ADDED ENTRY--TOPICAL TERM | |
| Topical term or geographic name entry element | CONSTRUCTIVE TRUST |
| 650 ## - SUBJECT ADDED ENTRY--TOPICAL TERM | |
| Topical term or geographic name entry element | LLOYDS BANK V ROSSET |
| 650 ## - SUBJECT ADDED ENTRY--TOPICAL TERM | |
| Topical term or geographic name entry element | MIDLAND BANK PLC V COOKE |
| 650 ## - SUBJECT ADDED ENTRY--TOPICAL TERM | |
| Topical term or geographic name entry element | SPRINGETTE V DEFOE |
| 650 ## - SUBJECT ADDED ENTRY--TOPICAL TERM | |
| Topical term or geographic name entry element | GRANT V EDWARDS |
| 650 ## - SUBJECT ADDED ENTRY--TOPICAL TERM | |
| Topical term or geographic name entry element | YAXLEY V GOTTS |
| 690 ## - LOCAL SUBJECT ADDED ENTRY--TOPICAL TERM (OCLC, RLIN) | |
| Topical term or geographic name as entry element | PROPERTY AND LAND LAW-CASE LAW |
| 856 ## - ELECTRONIC LOCATION AND ACCESS | |
| Uniform Resource Identifier | <a href="https://www.bailii.org/ew/cases/EWCA/Civ/2004/546.html">https://www.bailii.org/ew/cases/EWCA/Civ/2004/546.html</a> |
| Public note | View judgment at BAILII websiteƯ |
| 856 ## - ELECTRONIC LOCATION AND ACCESS | |
| Uniform Resource Identifier | <a href="https://www.bailii.org/ew/cases/EWCA/Civ/2004/546.html">https://www.bailii.org/ew/cases/EWCA/Civ/2004/546.html</a> |
| Public note | View judgment at BAILII websiteƯ |
| 856 ## - ELECTRONIC LOCATION AND ACCESS | |
| Uniform Resource Identifier | <a href="https://www.bailii.org/ew/cases/EWCA/Civ/2004/546.html">https://www.bailii.org/ew/cases/EWCA/Civ/2004/546.html</a> |
| Public note | View judgment at BAILII websiteƯ |
| 942 ## - ADDED ENTRY ELEMENTS (KOHA) | |
| Suppress in OPAC | 0 |
| Withdrawn status | Lost status | Source of classification or shelving scheme | Damaged status | Not for loan | Home library | Current library | Shelving location | Date acquired | Total Checkouts | Full call number | Barcode | Date last seen | Copy number | Price effective from | Koha item type |
|---|---|---|---|---|---|---|---|---|---|---|---|---|---|---|---|
| Dewey Decimal Classification | London | London | Journal article | 02/06/2004 | ABS67871 | 126373-1001 | 06/08/2019 | 1 | 06/08/2019 | Law report | |||||
| Dewey Decimal Classification | Virtual | Virtual | Online | 02/09/2004 | ONLINE | 126373-2001 | 06/08/2019 | 1 | 06/08/2019 | Law report |